00842nam a2200253Ia 450000500170000000800410001702000150005804100080007310000210008124500750010225000220017726400360019930000390023533600270027433700330030133800280033449000310036265000390039365000300043265000440046270000360050604000350054208400110057720220316235246.0121119s1998 ve a gr 000 j spa  a98025721361 aspa1 aKoechlin, Lionel14aLos ojos de mamácLionel Koechlin ; traducción, Clarisa de la Rosa aPrimera edición 1aCaracasbEdiciones Ekaresc1998 a24 páginasbilustracionesc20 cm atextobtxt2rdacontent asin mediaciónbn2rdamedia avolumenbnc2rdacarrier0 aEl jardín de los niños142LEMBaCuentos infantilesySiglo XX142LEMBaLiteratura infantil142LEMBaRelación madre - hijosvCuentos1 aRosa, Clarisa de la,etraductor aCO-BoRNBPbspaerdacCO-BoRNBP aC KOE1